000
00252nam a22001337a 4500
020
_a
0
041
_a
ENG
100
_a
Macers Mit Phne
245
_a
Macers Mit Phne
260
_a
pune
_b
pune
_c
1992
300
_a
151
650
_a
GAE
856
_u
GAE
999
_c
293
_d
293